| 000 | 00347nam a2200121Ia 4500 | ||
|---|---|---|---|
| 008 | 210430s9999 xx 000 0 und d | ||
| 082 | _a330.0151C5321 F | ||
| 100 | _aAlpha C. Chiang | ||
| 245 |
_aFundamental Methods of Mathematical Economics _cAlpha C. Chiang |
||
| 260 |
_aIslamabad _bAlpha C. Chiang _c1992 |
||
| 300 | _a688p | ||
| 942 |
_cBK _2ddc |
||
| 999 |
_c561429 _d561429 |
||